000 00773nam a2200217Ii 4500
003 JO-AjNU
008 230605s9999||||xx |||||||||||||| ||und||
017 _a1987/4814
020 _a977-247-472-7
040 _aJO-AjNU
_bara
_erda
_cJO-AjNU
041 _aara
050 1 4 _aHM24 .S2 1978
100 3 _aتأليف: الساعاتي، حسن,
_eauthor
_914060
245 0 0 _aعلم الاجتماع الخلدوني: قواعد المنهج
264 3 1 _aبيروت: دار النهضة العربية للطباعة والنشر، 1978
300 _a229ص
_bيحتوي على ببلوغرافية من 227-229ص
336 _atext
_btxt
_2rdacontent
337 _aunmediated
_bn
_2rdamedia
338 _avolume
_bnc
_2rdacarrier
650 4 _aعلم الاجتماع
_914061
999 _aA3659
_c7227
_d7227